Reichsgewalt bedeutet Seegewalt : (Titelsatznr. 24973)
[ MARC ]
| 000 -Satzkennung | |
|---|---|
| Kontrollfeld mit fester Länge | 00873nam a22002771c 4500 |
| 001 - Kontrollnummer | |
| Kontrollfeld | ht017491230 |
| 008 - Feld mit fester Länge zur physischen Beschreibung - Allgemeine Angaben | |
| Kontrollfeld mit fester Länge | 130623s2013 gw a||| 000u ger d |
| 020 ## - Internationale Standardbuchnummer | |
| Internationale Standardbuchnummer | 9783486712971 |
| Verknüpfung | 978-3-486-71297-1 |
| 041 ## - Sprachcode | |
| Sprachcode des Textes/der Tonspur oder des separaten Titels | ger |
| 040 ## - Katalogisierungsquelle | |
| Übertragungsstelle | RU-10907106 |
| 003 - Kontrollnummer Identifier | |
| Kontrollfeld | RU-10907106 |
| 100 1# - Haupteintragung - Personenname | |
| Personenname | Herold, Heiko |
| 245 00 - Titel | |
| Titel | Reichsgewalt bedeutet Seegewalt : |
| Zusatz zum Titel | die Kreuzergeschwader der Kaiserlichen Marine als Instrument der deutschen Kolonial- und Weltpolitik 1885 bis 1901 / |
| Verfasserangabe etc. | von Heiko Herold |
| 264 ## - Produktion, Veröffentlichung, Distribution, Herstellung und Urheberrechtsvermerk | |
| Herstellungs-, Veröffentlichungs- Vertriebs-, Erzeugungsort | München : |
| Produzent, Herausgeber, Distributor, Hersteller | Oldenbourg, |
| Datum der Herstellung, der Veröffentlichung, des Vertriebs oder des Urheberschutzvermerks | 2013 |
| 300 ## - Physische Beschreibung | |
| Umfang | VIII, 472 S. : Ill., Kt |
| 490 #0 - Gesamttitelangabe | |
| Gesamttitelangabe | Beiträge zur Militärgeschichte |
| Bandnummer/Folgebezeichnung | 74 |
| 502 ## - Dissertationsvermerk | |
| Dissertationsvermerk | Zugl.: Düsseldorf, Univ., Diss., 2010 |
| 648 #0 - Nebeneintragung unter einem Schlagwort - Zeitschlagwort | |
| Zeitschlagwort | 1885-1901 |
| 650 #0 - Nebeneintragung unter einem Schlagwort - Sachschlagwort | |
| Sachschlagwort oder geografischer Name als Eintragungselement | Marine |
| 650 #0 - Nebeneintragung unter einem Schlagwort - Sachschlagwort | |
| Sachschlagwort oder geografischer Name als Eintragungselement | Kreuzer |
| 650 #0 - Nebeneintragung unter einem Schlagwort - Sachschlagwort | |
| Sachschlagwort oder geografischer Name als Eintragungselement | Geschwader |
| 650 #0 - Nebeneintragung unter einem Schlagwort - Sachschlagwort | |
| Sachschlagwort oder geografischer Name als Eintragungselement | Imperialismus |
| 651 #0 - Nebeneintragung unter einem Schlagwort - Geografischer Name | |
| Geografischer Name | Deutschland |
| 655 #0 - Indexierungsterm - Genre/Form | |
| Genre/Form oder fokussierter Term | Hochschulschrift |
| 942 ## - Zusätzliche Felder (Koha) | |
| Koha-Medientyp | Monographien |
| Ausgeschieden | Verloren | Klassifikation oder Aufstellungssystematik | Beschädigt | Nicht entleihbar | Heimatbibliothek | Aufenthaltsbibliothek | Aufstellungsort | Erwerbungsdatum | Inventarnummer | Signatur | Barcode | Letzte Aktivität | Preis gültig von | Koha-Medientyp |
|---|---|---|---|---|---|---|---|---|---|---|---|---|---|---|
| Andere/Generische Klassifikation | MWN Osteuropa | MWN Osteuropa | Lesesaal - 1 | 23/06/2013 | 14-00253 | D 44 re Her | E00401506CBF625D | 23/02/2021 | 22/03/2021 | Monographien |